[Event "Barnaul Kura Memorial"]
[Site "Barnaul"]
[Date "2021.02.28"]
[Round "8"]
[White "Fitiak, Sergey"]
[Black "Volkov, Sergey"]
[Result "0-1"]
[WhiteElo "2235"]
[BlackElo "2557"]
[PlyCount "33"]
[EventDate "2021.02.27"]
[EventType "swiss (rapid)"]
[EventRounds "11"]
[EventCountry "RUS"]
[SourceTitle "CBM 200 Extra"]
[Source "ChessBase"]
[SourceDate "2021.03.31"]
[SourceVersion "1"]
[SourceVersionDate "2021.03.31"]
[SourceQuality "1"]

1. d4 d5 2. Bf4 c5 3. e3 Nc6 4. c3 Bf5 5. Bd3 Bg6 6. Nf3 e6 7. 0-0 Nf6 8. Ne5 Nxe5 9. Bxe5 Nd7 10. Bg3 Qb6 11. b3 Rc8 12. c4 cxd4 13. cxd5 dxe3 14. dxe6 Qxe6 15. Bc4 Rxc4 16. bxc4 e2 17. Qe1 0-1

[Event "Barnaul Kura Memorial"]
[Site "Barnaul"]
[Date "2021.02.27"]
[Round "3"]
[White "Fitiak, Sergey"]
[Black "Bocharov, Dmitry"]
[Result "0-1"]
[WhiteElo "2235"]
[BlackElo "2533"]
[PlyCount "82"]
[EventDate "2021.02.27"]
[EventType "swiss (rapid)"]
[EventRounds "11"]
[EventCountry "RUS"]
[SourceTitle "CBM 200 Extra"]
[Source "ChessBase"]
[SourceDate "2021.03.31"]
[SourceVersion "1"]
[SourceVersionDate "2021.03.31"]
[SourceQuality "1"]

1. d4 Nf6 2. Bf4 d5 3. e3 c5 4. dxc5 Nc6 5. Bb5 e6 6. b4 a5 7. c3 Nd7 8. Ne2 Qf6 9. Nd2 axb4 10. Bxc6 bxc6 11. cxb4 e5 12. Bg3 h5 13. h4 Be7 14. 0-0 0-0 15. e4 d4 16. f4 d3 17. Nc3 exf4 18. Rc1 Qd4+ 19. Bf2 Qxb4 20. Qxh5 Nf6 21. Qf3 Ng4 22. Qxf4 Nxf2 23. Kxf2 Bxc5+ 24. Kg3 Bd4 25. Nd1 Rxa2 26. Nf3 Rc2 27. Ne3 Rxc1 28. Rxc1 d2 29. Rd1 Bc3 30. h5 Rd8 31. h6 Qd6 32. hxg7 Qxf4+ 33. Kxf4 Be6 34. Nf5 Bb3 35. Rh1 Bxg7 36. Nxd2 Rxd2 37. Rh3 Be6 38. Rg3 Bxf5 39. exf5 Kf8 40. Kg5 Be5 41. Rg4 Rd4 0-1

[Event "Moscow op-A 14th"]
[Site "Moscow"]
[Date "2018.02.02"]
[Round "7"]
[White "Sirosh, Ilja"]
[Black "Fitiak, Sergey"]
[Result "0-1"]
[WhiteElo "2348"]
[BlackElo "2247"]
[PlyCount "90"]
[EventDate "2018.01.27"]
[EventType "swiss"]
[EventRounds "9"]
[EventCountry "RUS"]
[SourceTitle "CBM 182 Extra"]
[Source "ChessBase"]
[SourceDate "2018.02.23"]
[SourceVersion "1"]
[SourceVersionDate "2018.02.23"]
[SourceQuality "1"]

1. Nf3 Nf6 2. c4 c6 3. Nc3 d5 4. e3 e6 5. b3 Bd6 6. Bb2 0-0 7. d4 Nbd7 8. Bd3 Qe7 9. Qc2 dxc4 10. bxc4 e5 11. 0-0 Re8 12. Nd2 Nf8 13. Nce4 Nxe4 14. Nxe4 Bc7 15. Ng3 exd4 16. exd4 Ng6 17. Bc3 Qh4 18. Rfe1 Bd7 19. Qb2 b6 20. d5 Nf4 21. Bf1 Qg5 22. d6 Bxd6 23. Ne4 Rxe4 24. Rxe4 Ba3 25. Qc2 Bf5 26. Rae1 Bxe4 27. Rxe4 Bc5 28. g3 Ne6 29. Re5 Qh6 30. Qe4 Rf8 31. Bd3 Bd6 32. Bd2 Qg6 33. Qe3 Qf6 34. Rf5 Qd4 35. Qf3 Qa1+ 36. Kg2 Nd4 37. Rh5 Qg1+ 38. Kh3 Qxh2+ 39. Kxh2 Nxf3+ 40. Kg2 g6 41. Bh6 Ne1+ 42. Kf1 Re8 43. Rh4 Nxd3 44. Rd4 Re1+ 45. Kg2 Rd1 0-1

[Event "Izmailov Memorial op 16th"]
[Site "Tomsk"]
[Date "2012.08.07"]
[Round "2"]
[White "Gritsenko, Andrey"]
[Black "Fitiak, Sergey"]
[Result "1-0"]
[WhiteElo "2409"]
[BlackElo "2207"]
[PlyCount "105"]
[EventDate "2012.08.06"]
[EventType "swiss"]
[EventRounds "9"]
[EventCountry "RUS"]
[SourceTitle "CBM 149 Extra"]
[Source "ChessBase"]
[SourceDate "2012.08.24"]
[SourceVersion "1"]
[SourceVersionDate "2012.08.24"]
[SourceQuality "1"]

1. Nf3 d5 2. c4 d4 3. b4 f6 4. d3 e5 5. a3 a5 6. b5 a4 7. g3 Nd7 8. Bg2 Nc5 9. Ra2 Ne7 10. 0-0 g6 11. e3 Bg7 12. exd4 exd4 13. Re1 0-0 14. Rae2 Nf5 15. Bb2 Kh8 16. h3 h5 17. Qc2 g5 18. Nbd2 g4 19. hxg4 hxg4 20. Nh2 Nh6 21. Ne4 Nxe4 22. Rxe4 f5 23. Rf4 Nf7 24. c5 Ra5 25. Qc4 Ne5 26. Qb4 Nxd3 27. Qxa5 Nxb2 28. Qd2 Nc4 29. Qb4 Ne5 30. Rxd4 Qg5 31. Red1 Be6 32. Qxa4 Rf6 33. Qa8+ Kh7 34. Qxb7 Rh6 35. a4 Qh5 36. Nf1 Bc4 37. Rxc4 Nxc4 38. Nd2 Ne5 39. Qd5 Qh2+ 40. Kf1 f4 41. gxf4 Ng6 42. Qe4 Qxf4 43. Qxf4 Nxf4 44. a5 Rh2 45. Be4+ Kh6 46. Nc4 Nh3 47. Rd2 Bc3 48. Rc2 Bd4 49. Ne3 Rxf2+ 50. Rxf2 Nxf2 51. Nf5+ Kg5 52. Nxd4 Nxe4 53. a6 1-0

[Event "Izmailov Memorial op 15th"]
[Site "Tomsk"]
[Date "2011.06.04"]
[Round "4"]
[White "Yudin, Sergei"]
[Black "Fitiak, Sergey"]
[Result "1-0"]
[WhiteElo "2518"]
[BlackElo "2116"]
[PlyCount "49"]
[EventDate "2011.06.01"]
[EventType "swiss"]
[EventRounds "9"]
[EventCountry "RUS"]
[SourceTitle "EXT 2013"]
[Source "ChessBase"]
[SourceDate "2012.11.22"]
[SourceVersion "1"]
[SourceVersionDate "2012.11.22"]
[SourceQuality "1"]

1. c4 c6 2. Nc3 d5 3. e3 Nf6 4. Nf3 e6 5. b3 Nbd7 6. Bb2 Bd6 7. Qc2 0-0 8. Rg1 Qe7 9. g4 dxc4 10. bxc4 Ba3 11. g5 Nh5 12. Bxa3 Qxa3 13. Be2 g6 14. Ne4 Nc5 15. Nxc5 Qxc5 16. Qc3 f5 17. Ne5 Ng7 18. h4 Qe7 19. h5 gxh5 20. g6 Rf6 21. 0-0-0 Bd7 22. Nxd7 Rxg6 23. Ne5 Rxg1 24. Rxg1 Kh8 25. Bxh5 1-0

[Event "Izmailov Memorial op 15th"]
[Site "Tomsk"]
[Date "2011.06.02"]
[Round "2"]
[White "Denisov, Lev"]
[Black "Fitiak, Sergey"]
[Result "1/2-1/2"]
[WhiteElo "2340"]
[BlackElo "2116"]
[PlyCount "80"]
[EventDate "2011.06.01"]
[EventType "swiss"]
[EventRounds "9"]
[EventCountry "RUS"]
[SourceTitle "EXT 2013"]
[Source "ChessBase"]
[SourceDate "2012.11.22"]
[SourceVersion "1"]
[SourceVersionDate "2012.11.22"]
[SourceQuality "1"]

1. e4 c5 2. Nf3 Nc6 3. d4 cxd4 4. Nxd4 g6 5. c4 Nf6 6. Nc3 Bg7 7. Be3 0-0 8. Be2 d6 9. 0-0 Bd7 10. Rc1 Nxd4 11. Bxd4 Bc6 12. f3 a5 13. b3 Nd7 14. Be3 Nc5 15. Qd2 Qb6 16. Nd5 Bxd5 17. exd5 Qb4 18. Rc2 Qxd2 19. Bxd2 Bd4+ 20. Kh1 Rfe8 21. Rd1 Bg7 22. Bf1 b6 23. Bf4 Rad8 24. Re2 Bf6 25. Bg3 Kg7 26. Re3 Ra8 27. h4 h5 28. Bf2 Be5 29. g3 f5 30. Re2 Kf7 31. Bh3 Rh8 32. Kg2 Bf6 33. Be3 Rab8 34. Rc2 Rhd8 35. Kg1 Be5 36. Bf2 Rg8 37. Kh1 Rh8 38. Bf1 Ra8 39. Rb1 Rhb8 40. Be2 Bf6 1/2-1/2